Southville International School and Colleges
Your cart is empty.
  • Cart
  • Lists
    Public lists list_1 View all
    Your lists Log in to create your own lists
  • Log in to your account
  • Your cookies
  • Search history
Southville International School and Colleges
  • Advanced search
  • Recent comments
  • Most popular
  • Libraries

Log in to your account

Log in with GOOGLE


If you do not have an external account, but do have a local account, you can still log in:

  1. Home
  2. MARC view: Wednesday surprise, The /
Normal view MARC view ISBD view

Wednesday surprise, The / (Record no. 111956)

[ view plain ]
MARC details
000 -LEADER
fixed length control field 00626nam a2200193 a 4500
001 - CONTROL NUMBER
control field 1271
005 - DATE AND TIME OF LATEST TRANSACTION
control field 20140414131925.0
008 - FIXED-LENGTH DATA ELEMENTS--GENERAL INFORMATION
fixed length control field 041206s19uu xx 00 eng d
020 ## - INTERNATIONAL STANDARD BOOK NUMBER
International Standard Book Number 0-395-54776-8
050 ## - LIBRARY OF CONGRESS CALL NUMBER
Classification number ER
Item number W37 1989
100 ## - MAIN ENTRY--PERSONAL NAME
Personal name Bunting, Eve
245 ## - TITLE STATEMENT
Title Wednesday surprise, The /
Statement of responsibility, etc by Eve Bunting ; illustrated by Donald Carrick.
260 ## - PUBLICATION, DISTRIBUTION, ETC. (IMPRINT)
Place of publication, distribution, etc New York :
Name of publisher, distributor, etc Clarion Books,
Date of publication, distribution, etc 1989.
300 ## - PHYSICAL DESCRIPTION
Extent 32 p. : ill. ; cm.
520 ## - SUMMARY, ETC.
Summary, etc On Wednesday nights when Grandma stays with Anna everyone thinks she is teaching Anna to read.
650 ## - SUBJECT ADDED ENTRY--TOPICAL TERM
Topical term or geographic name as entry element Grandmothers
General subdivision Fiction.
650 ## - SUBJECT ADDED ENTRY--TOPICAL TERM
Topical term or geographic name as entry element Reading
General subdivision Fiction.
Holdings
Withdrawn status Lost status Damaged status Use restrictions Home library Current library Shelving location Date acquired Source of acquisition Total Checkouts Full call number Barcode Date last seen Price effective from Koha item type
        Munich Library Munich Library Easy Reading Section 12/06/2004     ER W37 1989 M2934 04/14/2014 04/14/2014 Books

Wednesday surprise, The /

APA

Bunting E., . (1989). Wednesday surprise, The. New York: Clarion Books.

Chicago

Bunting Eve, . 1989. Wednesday surprise, The. New York: Clarion Books.

Harvard

Bunting E., . (1989). Wednesday surprise, The. New York: Clarion Books.

MLA

Bunting Eve, . Wednesday surprise, The. New York: Clarion Books. 1989.

  • Place hold
  • Print
  • Cite
  • Add to your cart (remove)
  • Save record
    BIBTEX Dublin Core MARCXML MARC (non-Unicode/MARC-8) MARC (Unicode/UTF-8) MARC (Unicode/UTF-8, Standard) MODS (XML) RIS
  • More searches
    Search for this title in:
    Other Libraries (WorldCat) Other Databases (Google Scholar) Online Stores (Bookfinder.com) Open Library (openlibrary.org)

Exporting to Dublin Core...

SOUTHVILLE LIBRARY

Southville International School and Colleges Library

1281 Tropical Ave. Cor. Luxembourg St., BF Homes International, Las Pinas City

Tel. No. 8256374 / 252358 Loc. 117/146

Powered by Koha